| 000 | 00596nam a2200229 a 4500 | ||
|---|---|---|---|
| 003 | AR-BaBNM | ||
| 005 | 20251128205716.0 | ||
| 008 | 082120s2002 ||||||||||||||000 | spa|| | ||
| 020 | _a950-665-048-9 | ||
| 040 | _cAR-BaBNM | ||
| 100 | 1 | _aToya, Nilo | |
| 245 | 0 | 0 | _aDiario del hombre desnudo |
| 260 |
_aRío Cuarto _bDe la Fundación de la Universidad Nacional de Río Cuarto _c1994 |
||
| 300 | _a167 p. | ||
| 490 | 0 | _aUrumpta | |
| 650 | 4 | _aLITERATURA ARGENTINA | |
| 650 | 4 | _aLITERATURA CONTEMPORANEA | |
| 653 | _aNARRATIVA | ||
| 655 | _aLITERATURA | ||
| 942 | _cBK | ||
| 998 | _cMARTIN | ||
| 999 |
_c12498 _d12498 |
||